Kipahna Thuguk / (Record no. 3691)

MARC details
000 -LEADER
fixed length control field 00449nam a22001697a 4500
003 - CONTROL NUMBER IDENTIFIER
control field GBCCL
005 - DATE AND TIME OF LATEST TRANSACTION
control field 20241126110501.0
008 - FIXED-LENGTH DATA ELEMENTS--GENERAL INFORMATION
fixed length control field 171201b xxu||||| |||| 00| 0 eng d
040 ## - CATALOGING SOURCE
Transcribing agency gbc
082 ## - DEWEY DECIMAL CLASSIFICATION NUMBER
Classification number VER 248.4
Item number PUD
100 ## - MAIN ENTRY--PERSONAL NAME
Personal name Pudaite, Rochunga
9 (RLIN) 3788
245 ## - TITLE STATEMENT
Title Kipahna Thuguk /
Statement of responsibility, etc. Rochunga Pudaite
260 ## - PUBLICATION, DISTRIBUTION, ETC.
Place of publication, distribution, etc. Aizawl:
Name of publisher, distributor, etc. Partnership Publishing House,
Date of publication, distribution, etc. 2010
300 ## - PHYSICAL DESCRIPTION
Extent 95p.;
Dimensions 18 cm.
650 ## - SUBJECT ADDED ENTRY--TOPICAL TERM
Topical term or geographic name entry element Christian life
9 (RLIN) 183
942 ## - ADDED ENTRY ELEMENTS (KOHA)
Source of classification or shelving scheme Dewey Decimal Classification
Koha item type Books
Koha issues (borrowed), all copies 2
Holdings
Withdrawn status Lost status Source of classification or shelving scheme Damaged status Not for loan Collection Home library Current Library Shelving location Date acquired Total checkouts Full call number Barcode Date last seen Copy number Price effective from Koha item type Date last checked out
    Dewey Decimal Classification       GRACE BIBLE COLLEGE GRACE BIBLE COLLEGE Vernacular 2017-12-01   VER 248.4 PUD 010850 2025-05-01 c.1 2017-12-01 Books  
    Dewey Decimal Classification       GRACE BIBLE COLLEGE GRACE BIBLE COLLEGE Vernacular 2017-12-01   VER 248.4 PUD 010853 2025-05-01 c.4 2017-12-01 Books  
    Dewey Decimal Classification       GRACE BIBLE COLLEGE GRACE BIBLE COLLEGE Vernacular 2017-12-01   VER 248.4 PUD 010851 2025-05-01 c.2 2017-12-01 Books  
    Dewey Decimal Classification       GRACE BIBLE COLLEGE GRACE BIBLE COLLEGE Vernacular 2017-12-01 1 VER 248.4 PUD 010854 2025-05-01 c.5 2017-12-01 Books 2021-04-09
    Dewey Decimal Classification       GRACE BIBLE COLLEGE GRACE BIBLE COLLEGE Vernacular 2017-12-01 1 VER 248.4 PUD 010852 2025-05-01 c.3 2017-12-01 Books 2020-10-30
© Grace Bible College Library 2025